00852nam a22002177a 4500999001900000005001700019010001300036020001200049035001300061037002600074082000800100245011800108250001200226260004200238270005000280300002700330500003000357700002700387942002200414952019800436 c164220d16422020190802103112.0 aB-728301 c1295.00 aB-728301 bAksharesh Enterprises a340 aSolved papers of judicial service examinations for preliminary examinations /cby Abhimanu Kumar Singla...[et al] a14th ed aDelhibSinghal Law Publicationsc2019 a157, Bhagat Colony, Sant NagarbDelhie110084 axvi, 1581p.c24cm(pbk) aAnswers with explanations aSingla,Abhimanu Kumar  2ddccENh340mSOL 001040708NFICaBL1bBL1d2019-05-14eAksharesh Enterprises/0016/06-05-19/04/23-04-19/08-05-19g1295.00l10m10o340 SOLpB-728301r2023-02-17 00:00:00s2023-02-04t1v1295.00w2019-05-14yEN